[Event "Bosna SuperGM"]
[Site "Sarajevo"]
[Date "2002.05.29"]
[Round "8"]
[White "Movsesian, Sergei"]
[Black "Sokolov, Ivan"]
[Result "1/2-1/2"]
[WhiteElo "2624"]
[BlackElo "2647"]
[PlyCount "28"]
[EventDate "2002.05.22"]
[Source "ChessBase"]
[SourceDate "2002.09.20"]

1. e4 e5 2. Nf3 Nc6 3. Nc3 Nf6 4. d4 exd4 5. Nxd4 Bb4 6. Nxc6 bxc6 7. Bd3 O-O 8. O-O d5 9. exd5 cxd5 10. Bg5 c6 11. Qf3 Bd6 12. Ne2 Bg4 13. Bxf6 Bxf3 14. Bxd8 Bxe2 1/2-1/2

[Event "Manila (ol)"]
[Site "?"]
[Date "1992.??.??"]
[Round "?"]
[White "Oll, L."]
[Black "Beliavsky, A."]
[Result "1/2-1/2"]
[WhiteElo "2600"]
[BlackElo "2620"]
[PlyCount "84"]
[EventDate "1992.??.??"]
[Source "ChessBase"]
[SourceDate "1992.06.01"]

1. e4 e5 2. Nf3 Nc6 3. Nc3 Nf6 4. d4 exd4 5. Nxd4 Bb4 6. Nxc6 bxc6 7. Bd3 d5 8. exd5 Qe7+ 9. Qe2 Qxe2+ 10. Kxe2 Nxd5 11. Nxd5 cxd5 12. Bb5+ Bd7 13. Bxd7+ Kxd7 14. Rd1 Rhe8+ 15. Be3 Kc6 16. c4 dxc4 17. Rd4 Ba5 18. Rc1 Rad8 19. Rcxc4+ Kb7 20. Rxd8 Rxd8 21. Rh4 h6 22. Rd4 Rf8 23. Re4 Bb6 24. Bd2 Kc6 25. Bc3 f6 26. Re7 Rg8 27. g4 Kd6 28. Re4 Rh8 29. Bb4+ Kd5 30. Re7 h5 31. h3 hxg4 32. hxg4 Rh2 33. Be1 Rh7 34. a4 Kd6 35. Re8 Kd7 36. Rf8 Bc5 37. Rf7+ Kd8 38. g5 fxg5 39. Rf5 Be7 40. Ra5 Rh4 41. Rxa7 Re4+ 42. Kf1 Bb4 1/2-1/2

[Event "Tilburg"]
[Site "?"]
[Date "1996.??.??"]
[Round "?"]
[White "Sutovskij, E."]
[Black "Almasi, Z."]
[Result "1/2-1/2"]
[WhiteElo "2565"]
[BlackElo "2655"]
[PlyCount "71"]
[EventDate "1996.??.??"]
[Source "ChessBase"]
[SourceDate "1996.10.01"]

1. e4 e5 2. Nf3 Nc6 3. Nc3 Nf6 4. d4 exd4 5. Nxd4 Bb4 6. Nxc6 bxc6 7. Bd3 d5 8. exd5 cxd5 9. O-O O-O 10. Bg5 c6 11. Qf3 Bd6 12. Na4 h6 13. Bxf6 Qxf6 14. Qxf6 gxf6 15. c4 Ba6 16. Rac1 Rab8 17. g3 Rb4 18. b3 dxc4 19. Bxc4 Bxc4 20. Rxc4 Rxc4 21. bxc4 Re8 22. Rd1 Bb4 23. Kf1 Re4 24. Nb2 f5 25. f3 Re3 26. Nd3 Bc3 27. Nc5 Re5 28. Nb3 f4 29. gxf4 Rf5 30. Rd6 Rxf4 31. Rxc6 Rxf3+ 32. Kg2 Re3 33. Kf2 Rh3 34. Kg2 Re3 35. Kf2 Rh3 36. Kg2 1/2-1/2

[Event "EU-ch 3rd"]
[Site "Batumi"]
[Date "2002.06.17"]
[Round "6"]
[White "Sturua, Zurab"]
[Black "Aleksandrov, Aleksej"]
[Result "1/2-1/2"]
[WhiteElo "2565"]
[BlackElo "2654"]
[PlyCount "65"]
[EventDate "2002.06.12"]
[Source "ChessBase"]
[SourceDate "2002.09.20"]

1. e4 e5 2. Nf3 Nc6 3. Nc3 Nf6 4. d4 exd4 5. Nxd4 Bb4 6. Nxc6 bxc6 7. Bd3 d5 8. exd5 cxd5 9. O-O O-O 10. Bg5 c6 11. Na4 Re8 12. c4 h6 13. Bh4 Rb8 14. Rc1 Bd6 15. b3 Be6 16. cxd5 cxd5 17. Nc5 Rb4 18. Bxf6 Qxf6 19. Nxe6 fxe6 20. g3 e5 21. Rc6 Rd4 22. Qc2 e4 23. Bb5 Rf8 24. Qc3 Rb4 25. Qxb4 Bxb4 26. Rxf6 Rxf6 27. Rd1 Bc5 28. Rxd5 Bxf2+ 29. Kg2 Bb6 30. Re5 Rf2+ 31. Kh3 Rxa2 32. Rxe4 Bg1 33. Re2 1/2-1/2

[Event "Correze (m/5)"]
[Site "?"]
[Date "1992.??.??"]
[Round "?"]
[White "Lautier, J."]
[Black "Sokolov, I."]
[Result "1/2-1/2"]
[WhiteElo "2580"]
[BlackElo "2630"]
[PlyCount "85"]
[EventDate "1992.??.??"]
[Source "ChessBase"]
[SourceDate "1992.02.01"]

1. e4 e5 2. Nf3 Nc6 3. Nc3 Nf6 4. d4 exd4 5. Nxd4 Bb4 6. Nxc6 bxc6 7. Bd3 d5 8. exd5 cxd5 9. O-O O-O 10. Bg5 c6 11. Na4 Be7 12. Re1 Be6 13. c3 Qc7 14. Qf3 Rfe8 15. Re3 Ng4 16. Bf4 Qd7 17. Re2 c5 18. b3 Nf6 19. h3 Bd6 20. Rae1 Qc7 21. Bg5 Nd7 22. Qh5 Nf8 23. Bd2 Qd7 24. f4 c4 25. Bc2 f6 26. Bf5 Rab8 27. Kh1 Bxf5 28. Rxe8 Rb7 29. Qf3 Bg6 30. Ra8 cxb3 31. axb3 Qc6 32. f5 Bf7 33. Bf4 Rd7 34. Bxd6 Qxa8 35. Bxf8 Qxf8 36. b4 Re7 37. Qg3 Rxe1+ 38. Qxe1 Qc8 39. Qe7 d4 40. cxd4 Qc1+ 41. Kh2 Qf4+ 42. Kh1 Qf1+ 43. Kh2 1/2-1/2

[Event "DSU"]
[Site "?"]
[Date "1998.03.01"]
[Round "?"]
[White "Ruefenacht Matthias (SUI)"]
[Black "Oosterom Joop van (NED)"]
[Result "1/2-1/2"]
[WhiteElo "2512"]
[BlackElo "2684"]
[PlyCount "101"]
[EventDate "1998.??.??"]
[Source "www.chesslib.no"]
[SourceDate "2004.05.04"]

1. e4 e5 2. Nf3 Nc6 3. Nc3 Nf6 4. d4 exd4 5. Nd5 Nxe4 6. Qe2 f5 7. Ng5 d3 8. cxd3 Nd4 9. Qh5+ g6 10. Qh4 c6 11. dxe4 cxd5 12. exd5 Bg7 13. Kd1 h6 14. Nf3 d6 15. Qxd8+ Kxd8 16. Nxd4 Bxd4 17. f3 Bd7 18. Rb1 Ke7 19. Bd3 Kf6 20. Bf4 Be5 21. Be3 f4 22. Bf2 a5 23. Kd2 a4 24. Rhc1 Rhc8 25. g4 fxg3 26. hxg3 a3 27. Rxc8 Bxc8 28. b3 Bf5 29. Rc1 Ra5 30. Be4 h5 31. Ke3 Rc5 32. Rxc5 dxc5 33. Bxf5 Kxf5 34. Kd3 Bd6 35. Kc4 g5 36. g4+ hxg4 37. fxg4+ Kxg4 38. Bxc5 Bxc5 39. Kxc5 Kf5 40. Kd6 g4 41. Kc7 g3 42. d6 g2 43. d7 g1=Q 44. d8=Q Qh2+ 45. Kxb7 Qxa2 46. Qd5+ Kf4 47. Qd4+ Kf3 48. Qd3+ Kf2 49. Qd4+ Ke2 50. Qe4+ Kd1 51. Qh1+ 1/2-1/2

[Event "Russian Cup f"]
[Site "Sochi"]
[Date "1997.??.??"]
[Round "3"]
[White "Yandemirov, Valeri"]
[Black "Aleksandrov, Aleksej"]
[Result "1/2-1/2"]
[WhiteElo "2500"]
[BlackElo "2660"]
[PlyCount "34"]
[EventDate "1997.09.17"]
[Source "ChessBase"]
[SourceDate "1998.01.31"]

1. e4 e5 2. Nf3 Nc6 3. Nc3 Nf6 4. d4 exd4 5. Nxd4 Bb4 6. Nxc6 bxc6 7. Bd3 d5 8. exd5 cxd5 9. O-O O-O 10. Bg5 c6 11. Na4 h6 12. Bh4 Re8 13. c3 Bf8 14. Re1 Rxe1+ 15. Qxe1 Bd7 16. c4 Qe7 17. Qxe7 Bxe7 1/2-1/2

[Event "Alusta"]
[Site "?"]
[Date "1994.??.??"]
[Round "?"]
[White "Golubev, M."]
[Black "Malaniuk, V."]
[Result "1/2-1/2"]
[WhiteElo "2560"]
[BlackElo "2595"]
[PlyCount "61"]
[EventDate "1994.??.??"]
[Source "ChessBase"]
[SourceDate "1994.02.01"]

1. e4 e5 2. Nf3 Nc6 3. Nc3 Nf6 4. d4 exd4 5. Nxd4 Bb4 6. Nxc6 bxc6 7. Bd3 d5 8. exd5 cxd5 9. O-O O-O 10. Bg5 c6 11. Na4 h6 12. Bh4 Re8 13. c4 Bd6 14. cxd5 cxd5 15. Nc3 Be5 16. Re1 Bb7 17. Qd2 Qb6 18. Bg3 Bxg3 19. hxg3 Ne4 20. Bxe4 dxe4 21. Rad1 Rad8 22. Qc1 Rxd1 23. Nxd1 Qa5 24. Nc3 Qb4 25. Qd2 Re6 26. a3 Qb6 27. b4 Qa6 28. Qd8+ Kh7 29. Qd7 Qxa3 30. Qxb7 Qxc3 31. Rxe4 1/2-1/2

[Event "Reykjavik op 19th"]
[Site "Reykjavik"]
[Date "2000.04.13"]
[Round "9"]
[White "Stefansson, Hannes"]
[Black "Grischuk, Alexander"]
[Result "1/2-1/2"]
[WhiteElo "2566"]
[BlackElo "2581"]
[PlyCount "22"]
[EventDate "2000.04.05"]
[Source "ChessBase"]
[SourceDate "2000.05.11"]

1. e4 e5 2. Nf3 Nc6 3. Nc3 Nf6 4. d4 exd4 5. Nxd4 Bb4 6. Nxc6 bxc6 7. Bd3 d5 8. exd5 cxd5 9. O-O O-O 10. Bg5 Be6 11. Ne2 Bd6 1/2-1/2

[Event "54th ch-HUN"]
[Site "Budapest"]
[Date "2004.08.25"]
[Round "7.2"]
[White "Varga, Zoltan"]
[Black "Acs, Peter"]
[Result "1/2-1/2"]
[WhiteElo "2592"]
[BlackElo "2545"]
[PlyCount "62"]
[EventDate "2004.08.19"]
[Source "Roberto Alvarez"]
[SourceDate "2004.09.06"]

1. e4 e5 2. Nf3 Nc6 3. Nc3 Nf6 4. d4 exd4 5. Nxd4 Bc5 6. Nb3 Bb6 7. Qe2 d6 8. Bg5 h6 9. Bh4 g5 10. Bg3 Qe7 11. h4 Bg4 12. f3 Nh5 13. Bf2 Be6 14. hxg5 Qxg5 15. Qd2 Bxf2+ 16. Qxf2 Ng3 17. Rg1 Nxf1 18. Rxf1 O-O-O 19. Nd2 Qa5 20. a3 b5 21. Qe3 b4 22. Ne2 d5 23. Nb3 Qb6 24. Qxb6 axb6 25. Ned4 Nxd4 26. Nxd4 dxe4 27. Nxe6 fxe6 28. axb4 Kb7 29. Rd1 Rxd1+ 30. Kxd1 exf3 31. Rxf3 Rg8 1/2-1/2

[Event "Bled op"]
[Site "Bled"]
[Date "1999.03.26"]
[Round "7"]
[White "Sveshnikov, Evgeny"]
[Black "Romanishin, Oleg M"]
[Result "1/2-1/2"]
[WhiteElo "2563"]
[BlackElo "2572"]
[PlyCount "85"]
[EventDate "1999.03.20"]
[Source "ChessBase"]
[SourceDate "1999.05.10"]

1. e4 e5 2. Nf3 Nc6 3. Nc3 Nf6 4. d4 exd4 5. Nxd4 Bb4 6. Nxc6 bxc6 7. Bd3 d5 8. exd5 cxd5 9. O-O O-O 10. Bg5 c6 11. Na4 Be6 12. c3 Be7 13. Qc2 h6 14. Bh4 Ng4 15. Bxe7 Qxe7 16. h3 Nf6 17. Rae1 Qd6 18. Re2 Rfe8 19. Rfe1 Bd7 20. Rxe8+ Rxe8 21. Rxe8+ Bxe8 22. b4 Qe5 23. Qe2 Qxe2 24. Bxe2 Kf8 25. f3 Ke7 26. Kf2 Kd6 27. Ke3 Nd7 28. f4 f6 29. Bd3 g5 30. g3 Bf7 31. Kd4 Nf8 32. Nc5 gxf4 33. gxf4 Ne6+ 34. Nxe6 Bxe6 35. h4 Bg4 36. a4 Bd1 37. a5 Bg4 38. Bf1 Bd7 39. Be2 Be8 40. Bg4 Bg6 41. Bc8 Be8 42. Ba6 Bd7 43. Be2 1/2-1/2

[Event "Copenhagen BSF"]
[Site "Copenhagen"]
[Date "1995.??.??"]
[Round "2"]
[White "Hansen, Lars Bo"]
[Black "Pinter, Jozsef"]
[Result "1/2-1/2"]
[WhiteElo "2580"]
[BlackElo "2555"]
[PlyCount "92"]
[EventDate "1995.03.??"]
[Source "ChessBase"]

1. e4 e5 2. Nf3 Nc6 3. Nc3 Nf6 4. d4 exd4 5. Nxd4 Bb4 6. Nxc6 bxc6 7. Bd3 d5 8. exd5 cxd5 9. Qe2+ Be7 10. O-O O-O 11. Re1 Be6 12. Bg5 h6 13. Bh4 c6 14. Na4 Re8 15. Bg3 Qa5 16. b3 Bf8 17. c3 c5 18. Bc2 Rad8 19. Qf1 Bd7 20. Qd3 Bb5 21. Qf3 Ne4 22. Bf4 g5 23. Bxe4 dxe4 24. Qg3 Rd3 25. Be3 Bd7 26. Rad1 Bxa4 27. bxa4 Qxa4 28. Qg4 f5 29. Qh5 Qc6 30. h4 f4 31. Bc1 Red8 32. hxg5 Rxd1 33. Rxd1 Rxd1+ 34. Qxd1 hxg5 35. Qd8 Qg6 36. Qd5+ Kh7 37. c4 Bg7 38. Qxc5 e3 39. fxe3 Qc2 40. Ba3 Qd3 41. Qxa7 fxe3 42. Bf8 Qd1+ 43. Kh2 Qh5+ 44. Kg1 Qd1+ 45. Kh2 Qh5+ 46. Kg1 Qd1+ 1/2-1/2

[Event "Playchess"]
[Site "?"]
[Date "2005.04.30"]
[Round "?"]
[White "Kryakvin Dmitry"]
[Black "Short Nigel D"]
[Result "0-1"]
[WhiteElo "2459"]
[BlackElo "2673"]
[PlyCount "100"]
[EventDate "2005.??.??"]
[Source "www.chesslib.no"]
[SourceDate "2004.05.04"]

1. e4 e5 2. Nf3 Nc6 3. Nc3 Nf6 4. d4 exd4 5. Nxd4 Bb4 6. Nxc6 bxc6 7. Bd3 O-O 8. O-O d5 9. exd5 cxd5 10. Bg5 c6 11. Na4 Re8 12. Qf3 Bd6 13. Bxf6 Qxf6 14. Qxf6 gxf6 15. Rfe1 Bd7 16. b3 Kg7 17. g3 f5 18. f4 Kf6 19. c4 Bb4 20. Rxe8 Rxe8 21. Rd1 Be6 22. Kf2 dxc4 23. Bxc4 Bxc4 24. bxc4 Re4 25. Rc1 Bd2 26. Rc2 Be3+ 27. Kf3 Bd4 28. Re2 Rxe2 29. Kxe2 h5 30. h3 Ke6 31. Kf3 Kd6 32. g4 fxg4+ 33. hxg4 hxg4+ 34. Kxg4 Ke6 35. Kf3 Kf5 36. a3 f6 37. c5 a6 38. Nb6 Bxc5 39. Nd7 Bxa3 40. Nb8 a5 41. Nxc6 a4 42. Nd4+ Kg6 43. f5+ Kg5 44. Ke4 Bb2 45. Ne6+ Kg4 46. Nc5 a3 47. Nb3 a2 48. Kd5 a1=Q 49. Nxa1 Bxa1 50. Ke6 Kg5 0-1

[Event "Sankt_Peterburg"]
[Site "?"]
[Date "1993.??.??"]
[Round "?"]
[White "Svidler, P."]
[Black "Malaniuk, V."]
[Result "0-1"]
[WhiteElo "2495"]
[BlackElo "2635"]
[PlyCount "34"]
[EventDate "1993.??.??"]
[Source "ChessBase"]
[SourceDate "1994.02.01"]

1. e4 e5 2. Nf3 Nc6 3. Nc3 Nf6 4. d4 exd4 5. Nxd4 Bb4 6. Nxc6 bxc6 7. Bd3 d5 8. exd5 cxd5 9. O-O O-O 10. Bg5 c6 11. Na4 h6 12. Bh4 Re8 13. c4 Bd6 14. cxd5 cxd5 15. Nc3 Be5 16. Nxd5 Qxd5 17. Bxf6 Bb7 0-1

[Event "Romania 81/264"]
[Site "?"]
[Date "2001.??.??"]
[Round "?"]
[White "Golubev, M."]
[Black "Marin, Mihail"]
[Result "0-1"]
[WhiteElo "2523"]
[BlackElo "2604"]
[PlyCount "78"]
[EventDate "2001.??.??"]
[Source "Chess Informant"]
[SourceDate "2001.02.01"]

1. e4 e5 2. Nf3 Nc6 3. Nc3 Nf6 4. d4 exd4 5. Nxd4 Bb4 6. Nxc6 bxc6 7. Bd3 d5 8. exd5 cxd5 9. O-O O-O 10. Bg5 c6 11. Na4 h6 12. Bh4 Re8 13. c4 Bd6 14. cxd5 cxd5 15. Rc1 Bf4 16. Rc6 Re6 17. Rxe6 Bxe6 18. Nc5 Bxh2+ 19. Kh1 Bc7 20. Nxe6 fxe6 21. Re1 Kf7 22. Qc2 g5 23. Bg6+ Kg7 24. Rxe6 gxh4 25. Be8 Ne4 26. Qc1 Nxf2+ 27. Kg1 Nh3+ 28. gxh3 Qg5+ 29. Qxg5+ hxg5 30. Kg2 Bf4 31. Kf3 a5 32. a4 Rd8 33. Bb5 Rd6 34. Rxd6 Bxd6 35. Bc6 d4 36. Bd7 Kf6 37. Ke4 Bc5 38. Bg4 Bb6 39. Kd5 d3 0-1

[Event "Platonov mem"]
[Site "Kiev"]
[Date "1995.??.??"]
[Round "9"]
[White "Komarov, Dimitri"]
[Black "Timoshenko, Georgy"]
[Result "1/2-1/2"]
[WhiteElo "2575"]
[BlackElo "2550"]
[PlyCount "21"]
[EventDate "1995.??.??"]
[Source "ChessBase"]

1. e4 e5 2. Nf3 Nc6 3. Nc3 Nf6 4. d4 exd4 5. Nxd4 Bb4 6. Nxc6 bxc6 7. Bd3 d5 8. exd5 Qe7+ 9. Qe2 Qxe2+ 10. Kxe2 cxd5 11. Bf4 1/2-1/2

[Event "Tch (Men) 2005/2006 JOR"]
[Site "?"]
[Date "2006.05.??"]
[Round "5"]
[White "El Taher Fouad"]
[Black "Kobalija Mihail"]
[Result "1/2-1/2"]
[WhiteElo "2468"]
[BlackElo "2654"]
[PlyCount "33"]
[EventDate "2006.??.??"]
[Source "www.chesslib.no"]
[SourceDate "2004.05.04"]

1. e4 e5 2. Nf3 Nc6 3. Nc3 Nf6 4. d4 exd4 5. Nxd4 Bb4 6. Nxc6 bxc6 7. Bd3 O-O 8. O-O d5 9. exd5 cxd5 10. Bg5 c6 11. Qf3 Bd6 12. Rfe1 Rb8 13. Rab1 a6 14. Bxf6 Qxf6 15. Qxf6 gxf6 16. Ne2 c5 17. c4 1/2-1/2

[Event "Leeuwarden Open"]
[Site "Leeuwarden NED"]
[Date "1993.??.??"]
[Round "9"]
[White "Lau, Ralf"]
[Black "Piket, Jeroen"]
[Result "0-1"]
[WhiteElo "2530"]
[BlackElo "2590"]
[PlyCount "64"]
[EventDate "1993.08.??"]
[Source "www.chesslib.no"]
[SourceDate "2004.05.04"]

1. e4 e5 2. Nf3 Nc6 3. Nc3 Nf6 4. d4 exd4 5. Nxd4 Bb4 6. Nxc6 bxc6 7. Bd3 O-O 8. O-O d5 9. exd5 cxd5 10. Bg5 c6 11. Na4 h6 12. Bh4 Re8 13. c3 Bd6 14. b3 Bf4 15. Qc2 Bxh2+ 16. Kh1 Bf4 17. g3 Bd6 18. f4 c5 19. Bb5 Bd7 20. Bxf6 gxf6 21. Bxd7 Qxd7 22. Qg2 Re3 23. Rad1 Qg4 24. Rxd5 Rae8 25. Rd2 Kh7 26. Kh2 Rg8 27. Qh3 Qxh3+ 28. Kxh3 Rexg3+ 29. Kh2 R3g4 30. Kh3 Bxf4 31. Rd3 Be5 32. Re3 R4g5 0-1

[Event "MK Cafe op-A"]
[Site "Koszalin"]
[Date "1997.08.05"]
[Round "4"]
[White "Rozentalis, Eduardas"]
[Black "Zaitsev, Igor A"]
[Result "1/2-1/2"]
[WhiteElo "2645"]
[BlackElo "2475"]
[PlyCount "48"]
[EventDate "1997.08.03"]
[Source "ChessBase"]
[SourceDate "1997.09.26"]

1. e4 e5 2. Nf3 Nc6 3. Nc3 Nf6 4. d4 exd4 5. Nxd4 Bb4 6. Nxc6 bxc6 7. Bd3 O-O 8. O-O d5 9. exd5 cxd5 10. Bg5 c6 11. Ne2 h6 12. Bh4 Bd6 13. h3 Re8 14. c3 a5 15. Re1 Bd7 16. Bc2 Rb8 17. b3 Bf8 18. Qd3 g6 19. Qf3 Bg7 20. Rad1 Qe7 21. c4 Rbc8 22. Bb1 Qe5 23. cxd5 Nxd5 24. Bg3 Qb2 1/2-1/2

[Event "Villa Gesell"]
[Site "Villa Gesell"]
[Date "1996.??.??"]
[Round "11"]
[White "Zarnicki, Pablo"]
[Black "Milos, Gilberto"]
[Result "1/2-1/2"]
[WhiteElo "2545"]
[BlackElo "2565"]
[PlyCount "30"]
[EventDate "1996.03.??"]
[Source "ChessBase"]

1. e4 e5 2. Nf3 Nc6 3. Nc3 Nf6 4. d4 exd4 5. Nxd4 Bb4 6. Nxc6 bxc6 7. Bd3 d5 8. exd5 Qe7+ 9. Qe2 Qxe2+ 10. Kxe2 Nxd5 11. Nxd5 cxd5 12. Bd2 Bxd2 13. Kxd2 Be6 14. Rhe1 Rb8 15. b3 Kd7 1/2-1/2

[Event "Lippstadt"]
[Site "Lippstadt"]
[Date "1999.07.30"]
[Round "9"]
[White "Mueller, Karsten"]
[Black "Romanishin, Oleg M"]
[Result "1/2-1/2"]
[WhiteElo "2533"]
[BlackElo "2567"]
[PlyCount "117"]
[EventDate "1999.07.22"]
[Source "ChessBase"]
[SourceDate "1999.10.01"]

1. e4 e5 2. Nf3 Nc6 3. Nc3 Nf6 4. d4 exd4 5. Nxd4 Bb4 6. Nxc6 bxc6 7. Bd3 d5 8. exd5 cxd5 9. O-O O-O 10. Bg5 c6 11. Qf3 Re8 12. Rfe1 Be6 13. h3 h6 14. Bh4 Be7 15. Ne2 Nd7 16. Bxe7 Qxe7 17. Nd4 Qd6 18. Qe3 Nf6 19. Nb3 a5 20. Qc5 Qxc5 21. Nxc5 Kf8 22. f4 Rab8 23. b3 h5 24. c3 Bc8 25. Kf2 Nd7 26. Na4 Nb6 27. Nc5 Nd7 28. Rxe8+ Kxe8 29. Re1+ Kd8 30. Nxd7 Bxd7 31. Bc2 g6 32. Kg3 Kc7 33. Kh4 Kd6 34. Kg5 c5 35. Kf6 Re8 36. Rxe8 Bxe8 37. g4 hxg4 38. hxg4 d4 39. c4 Bd7 40. Kxf7 Bxg4 41. Bxg6 Be2 42. f5 d3 43. f6 d2 44. Bc2 Ke5 45. Ke7 Kd4 46. f7 Kc3 47. f8=Q Kxc2 48. Qf5+ Bd3 49. Qf2 Kc1 50. Qxc5 d1=Q 51. Qxa5 Kb1 52. c5 Qe2+ 53. Kd8 Bb5 54. a4 Qe8+ 55. Kc7 Qc6+ 56. Kb8 Qe8+ 57. Kc7 Qc6+ 58. Kb8 Qe8+ 59. Kc7 1/2-1/2

[Event "France"]
[Site "?"]
[Date "1997.??.??"]
[Round "?"]
[White "Kozakov, M."]
[Black "Adams, Mi"]
[Result "0-1"]
[WhiteElo "2435"]
[BlackElo "2660"]
[PlyCount "84"]
[EventDate "1997.??.??"]
[Source "ChessBase"]
[SourceDate "1997.02.01"]

1. e4 e5 2. Nf3 Nc6 3. Nc3 Nf6 4. d4 exd4 5. Nxd4 Bc5 6. Be3 Bb6 7. Nxc6 bxc6 8. Bxb6 axb6 9. Bd3 O-O 10. O-O d6 11. Re1 Ng4 12. h3 Ne5 13. f4 Nxd3 14. Qxd3 Qh4 15. Qf3 Bb7 16. a3 Rae8 17. Qf2 Qh5 18. a4 Qa5 19. Qd4 c5 20. Qc4 Re7 21. Kf2 Ba6 22. Qb3 c4 23. Qa3 Bb7 24. Rad1 Qh5 25. Qb4 Qh4+ 26. g3 Qxh3 27. Qxc4 Qh2+ 28. Kf3 Rfe8 29. Nd5 Bxd5 30. Rxd5 h5 31. Qe2 Qh3 32. Kf2 h4 33. Qf3 Qh2+ 34. Qg2 hxg3+ 35. Kf3 Rxe4 36. Rxe4 Qxg2+ 37. Kxg2 Rxe4 38. a5 bxa5 39. Kxg3 Rb4 40. b3 a4 41. bxa4 Rxa4 42. Rd3 Rc4 0-1

[Event "Playchess"]
[Site "?"]
[Date "2005.06.16"]
[Round "?"]
[White "Sommerbauer Norbert"]
[Black "Short Nigel D"]
[Result "1-0"]
[WhiteElo "2419"]
[BlackElo "2673"]
[PlyCount "61"]
[EventDate "2005.??.??"]
[Source "www.chesslib.no"]
[SourceDate "2004.05.04"]

1. e4 e5 2. Nf3 Nc6 3. Nc3 Nf6 4. d4 exd4 5. Nd5 Be7 6. Bc4 O-O 7. Nxd4 Nxd5 8. Bxd5 Nxd4 9. Qxd4 c6 10. Bb3 d5 11. exd5 Bf6 12. Qd3 Re8+ 13. Be3 Bxb2 14. Rb1 Be5 15. O-O Qh4 16. g3 Qh3 17. dxc6 bxc6 18. Rfe1 Bf5 19. Qc4 Bg6 20. Bf4 Bxf4 21. Qxf4 h5 22. Qf3 c5 23. Qc6 Rec8 24. Qxg6 c4 25. Bxc4 Rxc4 26. Qd3 Rac8 27. Re2 Rc3 28. Qe4 g6 29. Rbe1 a5 30. Qd4 Kh7 31. Re8 1-0

[Event "Bugojno BIH"]
[Site "Bugojno BIH"]
[Date "1980.??.??"]
[Round "8"]
[White "Kurajica, Bojan"]
[Black "Gligoric, Svetozar"]
[Result "1-0"]
[WhiteElo "2525"]
[BlackElo "2565"]
[PlyCount "77"]
[EventDate "1980.??.??"]
[Source "www.chesslib.no"]
[SourceDate "2004.05.04"]

1. e4 e5 2. Nf3 Nc6 3. Nc3 Nf6 4. d4 exd4 5. Nxd4 Bb4 6. Nxc6 bxc6 7. Bd3 d5 8. exd5 cxd5 9. O-O O-O 10. Bg5 c6 11. Qf3 Bd6 12. Na4 Be5 13. Bf4 Re8 14. Rae1 Bg4 15. Qg3 Bxf4 16. Rxe8+ Qxe8 17. Qxf4 Qe7 18. b4 Bh5 19. a3 Bg6 20. Qd4 Re8 21. h3 Qc7 22. Nc5 Nh5 23. Na6 Qd6 24. Qxa7 Bxd3 25. cxd3 Qf4 26. Qc7 Qxc7 27. Nxc7 Re7 28. Na6 Ra7 29. Re1 g6 30. Nb8 Rxa3 31. Nxc6 Rxd3 32. Rb1 Ng7 33. Kh2 Ne6 34. b5 Nc5 35. Nd8 d4 36. b6 Rc3 37. b7 Nd7 38. b8=Q Nxb8 39. Rxb8 1-0

[Event "EU-chT5 corr9498"]
[Site "?"]
[Date "1994.??.??"]
[Round "5.2"]
[White "Privara, Igor"]
[Black "Malinin, Vasily Borisovich"]
[Result "1/2-1/2"]
[WhiteElo "2560"]
[BlackElo "2530"]
[PlyCount "30"]
[EventDate "1994.??.??"]
[Source "www.chesslib.no"]
[SourceDate "2004.05.04"]

1. e4 e5 2. Nf3 Nc6 3. Nc3 Nf6 4. d4 exd4 5. Nxd4 Bb4 6. Nxc6 bxc6 7. Bd3 d5 8. exd5 cxd5 9. O-O O-O 10. Bg5 c6 11. Ne2 Bc5 12. c3 h6 13. Bh4 Bg4 14. Qa4 Bxe2 15. Bxe2 Qd6 1/2-1/2

[Event "Krasnodar"]
[Site "?"]
[Date "1997.??.??"]
[Round "?"]
[White "Nadyrhanov, S."]
[Black "Malaniuk, V."]
[Result "1/2-1/2"]
[WhiteElo "2480"]
[BlackElo "2610"]
[PlyCount "49"]
[EventDate "1997.??.??"]
[Source "ChessBase"]
[SourceDate "1997.02.01"]

1. e4 e5 2. Nf3 Nc6 3. Nc3 Nf6 4. d4 exd4 5. Nxd4 Bb4 6. Nxc6 bxc6 7. Bd3 d5 8. exd5 cxd5 9. O-O O-O 10. Bg5 c6 11. Qf3 Bd6 12. Rae1 h6 13. Bxf6 Qxf6 14. Qxf6 gxf6 15. Ne2 c5 16. b3 Rb8 17. Ng3 Be5 18. f4 Bd4+ 19. Kh1 Be6 20. Ne2 Bb2 21. Rb1 Ba3 22. f5 Bd7 23. c4 dxc4 24. Bxc4 Rfd8 25. Ng3 1/2-1/2

[Event "RUS-Cup8"]
[Site "Smolensk"]
[Date "1997.??.??"]
[Round "3"]
[White "Nadyrhanov, Sergey"]
[Black "Malaniuk, Vladimir P"]
[Result "0-1"]
[WhiteElo "2480"]
[BlackElo "2610"]
[PlyCount "60"]
[EventDate "1997.06.13"]
[Source "ChessBase"]
[SourceDate "1997.07.29"]

1. e4 e5 2. Nf3 Nc6 3. Nc3 Nf6 4. d4 exd4 5. Nxd4 Bb4 6. Nxc6 bxc6 7. Bd3 d5 8. exd5 cxd5 9. O-O O-O 10. Bg5 c6 11. Qf3 Be7 12. Rae1 Re8 13. h3 h6 14. Bf4 Be6 15. Nd1 Bd6 16. Bxd6 Qxd6 17. Ne3 Qb4 18. b3 Qa3 19. Nf5 Bxf5 20. Qxf5 Qxa2 21. f4 Qa5 22. Re5 Qc5+ 23. Kh1 Qd6 24. Rfe1 g6 25. Qxf6 Qxf6 26. Rxe8+ Rxe8 27. Rxe8+ Kg7 28. Ra8 Qa1+ 29. Kh2 Qd4 30. f5 gxf5 0-1

[Event "NED-ch"]
[Site "NED"]
[Date "1995.??.??"]
[Round "2"]
[White "Reinderman, Dimitri"]
[Black "Sokolov, Ivan"]
[Result "0-1"]
[WhiteElo "2440"]
[BlackElo "2645"]
[PlyCount "48"]
[EventDate "1995.06.??"]
[Source "ChessBase"]

1. e4 e5 2. Nf3 Nc6 3. Nc3 Nf6 4. d4 exd4 5. Nxd4 Bb4 6. Nxc6 bxc6 7. Bd3 O-O 8. O-O Re8 9. Bg5 h6 10. Bh4 Rb8 11. Qf3 g5 12. Bg3 d6 13. Na4 c5 14. c3 Ba5 15. Rfe1 Bg4 16. Qe3 Bd7 17. Bc2 Bxa4 18. Bxa4 Rxe4 19. Qxe4 Nxe4 20. Rxe4 f5 21. Re6 f4 22. Rae1 Rxb2 23. Bb3 Rxb3 24. axb3 Kf7 0-1

[Event "Manila ol (Men)"]
[Site "Manila PHI"]
[Date "1992.??.??"]
[Round "?"]
[White "Lautier, Joel"]
[Black "Campos Moreno, Javier B"]
[Result "1-0"]
[WhiteElo "2580"]
[BlackElo "2505"]
[PlyCount "67"]
[EventDate "1992.06.??"]
[Source "www.chesslib.no"]
[SourceDate "2004.05.04"]

1. e4 e5 2. Nf3 Nc6 3. Nc3 Nf6 4. d4 exd4 5. Nxd4 Bb4 6. Nxc6 bxc6 7. Bd3 d5 8. exd5 cxd5 9. O-O O-O 10. Bg5 c6 11. Na4 h6 12. Bh4 Re8 13. c4 Be6 14. Rc1 Rb8 15. cxd5 Bxd5 16. Bc4 Bd6 17. b3 Be5 18. Bxd5 cxd5 19. Rc5 g5 20. Bg3 Qd6 21. Qc2 Re6 22. Ra5 Ne4 23. Rxa7 Nxg3 24. hxg3 Bd4 25. Ra5 Rbe8 26. Qd3 Qe5 27. Nc5 R6e7 28. Qf3 Qc7 29. b4 Qc6 30. Nb3 Qc4 31. Qd1 Bb6 32. Rxd5 Re2 33. Qd3 Qxb4 34. Rb5 1-0

[Event "London ENG"]
[Site "London ENG"]
[Date "1994.??.??"]
[Round "?"]
[White "Nunn, John D M"]
[Black "Thipsay, Praveen Mahadeo"]
[Result "1-0"]
[WhiteElo "2605"]
[BlackElo "2475"]
[PlyCount "79"]
[EventDate "1994.??.??"]
[Source "www.chesslib.no"]
[SourceDate "2004.05.04"]

1. e4 e5 2. Nf3 Nc6 3. Nc3 Nf6 4. d4 exd4 5. Nxd4 Bb4 6. Nxc6 bxc6 7. Bd3 O-O 8. O-O d5 9. exd5 cxd5 10. Bg5 c6 11. Qf3 Bd6 12. Rae1 h6 13. Bf4 Rb8 14. Bxd6 Qxd6 15. b3 c5 16. Nb5 Qd7 17. Nc3 Qd6 18. h3 Be6 19. Rd1 Qc7 20. Rfe1 d4 21. Ne4 Nd5 22. c4 dxc3 23. Bb1 Rfd8 24. Nxc3 Nxc3 25. Qxc3 Rxd1 26. Rxd1 a5 27. Qd3 g6 28. Qe3 Kg7 29. Qc3+ Kh7 30. Qf6 Rb6 31. Re1 Rb8 32. Qc3 Rh8 33. Re5 Bc8 34. Rxc5 Qb7 35. Bd3 a4 36. Rc6 axb3 37. axb3 Bd7 38. Rf6 Bc8 39. g3 Qc7 40. Rf3 1-0